The hero within : (Record no. 5)

MARC details
000 -LEADER
fixed length control field 01215cam a2200337 a 4500
005 - DATE AND TIME OF LATEST TRANSACTION
control field 20260322212002.0
008 - FIXED-LENGTH DATA ELEMENTS--GENERAL INFORMATION
fixed length control field data
010 ## - LIBRARY OF CONGRESS CONTROL NUMBER
LC control number 98017531
020 ## - INTERNATIONAL STANDARD BOOK NUMBER
International Standard Book Number 0062515551 (pbk.)
020 ## - INTERNATIONAL STANDARD BOOK NUMBER
International Standard Book Number 9780062515551 (pbk.)
040 ## - CATALOGING SOURCE
Original cataloging agency DLC
Transcribing agency DLC
Modifying agency DLC
050 00 - LIBRARY OF CONGRESS CALL NUMBER
Classification number BF175.5.A72
Item number P43 1998
082 00 - DEWEY DECIMAL CLASSIFICATION NUMBER
Classification number 150.19/54
Edition information 21
092 ## - LOCALLY ASSIGNED DEWEY CALL NUMBER (OCLC)
Classification number 150.19 P43 1998
001 - CONTROL NUMBER
control field data
100 1# - MAIN ENTRY--PERSONAL NAME
Personal name Pearson, Carol,
Dates associated with a name 1944-
245 14 - TITLE STATEMENT
Title The hero within :
Remainder of title six archetypes we live by /
Statement of responsibility, etc. Carol Pearson.
250 ## - EDITION STATEMENT
Edition statement 3rd ed.
260 ## - PUBLICATION, DISTRIBUTION, ETC.
Place of publication, distribution, etc. [San Francisco] :
Name of publisher, distributor, etc. HarperSanFrancisco,
Date of publication, distribution, etc. c1998.
300 ## - PHYSICAL DESCRIPTION
Extent xxii, 338 p. ;
Dimensions 21 cm.
500 ## - GENERAL NOTE
General note "Newly revised and expanded"--Cover.
504 ## - BIBLIOGRAPHY, ETC. NOTE
Bibliography, etc. note Includes bibliographical references (p. [327]-329).
650 #0 - SUBJECT ADDED ENTRY--TOPICAL TERM
Topical term or geographic name entry element Archetype (Psychology)
650 #0 - SUBJECT ADDED ENTRY--TOPICAL TERM
Topical term or geographic name entry element Self-actualization (Psychology)
650 #0 - SUBJECT ADDED ENTRY--TOPICAL TERM
Topical term or geographic name entry element New Age movement.
856 42 - ELECTRONIC LOCATION AND ACCESS
Materials specified Publisher description
Uniform Resource Identifier <a href="http://www.loc.gov/catdir/description/hc042/98017531.html">http://www.loc.gov/catdir/description/hc042/98017531.html</a>
906 ## - LOCAL DATA ELEMENT F, LDF (RLIN)
a 7
b cbc
c orignew
d 1
e ocip
f 19
g y-gencatlg
920 ## -
-- **LC HAS REQ'D # OF SHELF COPIES**
991 ## -
-- c-GenColl
-- BF175.5.A72
-- P43 1998
-- 00058459331
-- Copy 1
-- BOOKS
Holdings
Withdrawn status Lost status Damaged status Not for loan Home library Current library Shelving location Date acquired Total checkouts Full call number Barcode Date last seen Price effective from Koha item type
        Centerville Centerville General stacks 22/03/2026   150.19/54 21 BC0010005 22/03/2026 22/03/2026 Books